000 00458nam a2200145Ia 4500
003 OSt
005 20260122145613.0
008 211028s2015 xx 000 0 und d
040 _cAIMIT LIBRARY
041 _aeng
100 _aTom, Pristo;Kudtarkar, Ravi.
_g1316111
_97381
245 _aStudy on customer satisfaction for maruti suzuki India ltd with special reference to popular vehicles /
260 _aMangalore
_bRavi Kudtarkar
_c2015
942 _2ddc
_cPRO
999 _c218951
_d218951